000 00816nas a2200253 4500
001 BR0201794
003 BR-BrBNA
005 20231205102841.0
007 ta
008 230509b bl.|||p| |||| 00| 00por d
040 _aBR-BrBNA
_bpor
_cBiblioteca Nacional de Agricultura
041 _a(En)
072 _aH10
100 1 _aBressan-Nascimento, S.
245 1 _aEmergence and pupal mortality factors of Anastrepha obliqua (Macq.)(Diptera: Tephritidae)along the fruting season of the host Spondias dulcis L.
650 _aInseto
650 _aMosca das Frutas
650 _aCaja-Manga
650 _aPupa
650 _aSão Paulo
773 0 _tNeotropical Entomology (Brazil)
_xISSN 1519-566X
_g(Jun 2001), v. 30(2) p. 207-215
_wBR0201794
909 _a202311
_bLúcia
_c55
_dLúcia Elande
942 _2AGRIS
_n0
_cANA
999 _c169689
_d169689